| 000 | 00595nam a2200217 a 4500 | ||
|---|---|---|---|
| 001 | 754 | ||
| 003 | BR-CuiBMT | ||
| 005 | 20231129142213.0 | ||
| 008 | 231108s2010 rjb 000 0 por d | ||
| 020 | _a9788530932039 | ||
| 040 |
_aBR-CuiBMT _cBR-CuiBMT |
||
| 080 |
_a343.2/.7 _22007 |
||
| 090 |
_a343.2/.7 _bB817c _c2. ed. |
||
| 100 | 1 |
_aBrandão, Cláudio, _d1974- |
|
| 245 | 1 | 0 |
_aCurso de direito penal : _bparte geral / _cCláudio Brandão. |
| 250 | _a2. ed. | ||
| 260 |
_aRio de Janeiro : _bForense, _c2010. |
||
| 300 |
_a413 p. ; _c24 cm |
||
| 650 |
_aDireito Penal _zBrasil |
||
| 942 |
_2udc _cLV |
||
| 999 |
_c754 _d754 |
||